| 000 | 00537nam a22002057a 4500 | ||
|---|---|---|---|
| 003 | OSt | ||
| 005 | 20140310181746.0 | ||
| 008 | 130622t xxu||||| |||| 00| 0 eng d | ||
| 020 | _a1904724329 | ||
| 050 |
_aLB 2351 _b.H662 2006 |
||
| 082 |
_aIB 373 _bIb1 2006 |
||
| 100 | _aHindes, Emma | ||
| 245 |
_aIB world schools : _byearbook 2006 / _cEmma Hindes. |
||
| 260 |
_aSaxmundham _bJohn Catt Educational Ltd _c2006 |
||
| 300 |
_a303 p. : _bill. ; _c30 cm. |
||
| 562 | _e2 | ||
| 942 |
_2lcc _cBK |
||
| 999 |
_c2985 _d2985 |
||